Statistics for Songs By Iron Maiden

Click here to take the quiz!

General Stats

  • This quiz has been taken 562 times
    (530 since last reset)
  • The average score is 25 of 32

Answer Stats

HintAnswer% Correct
Run To...Run To The Hills
99%
Fear Of...Fear Of The Dark
98%
2 Minutes...2 Minutes To Midnight
97%
Aces Hi...Aces High
97%
The Number...The Number Of The Beast
97%
Hallowed Be...Hallowed Be Thy Name
96%
Phantom Of...Phantom Of The Opera
92%
The Wicker...The Wicker Man
89%
Blood Br...Blood Brothers
88%
Be Quick...Be Quick Or Be Dead
84%
Can I...Can I Play With Madness
84%
Caught Somewhere...Caught Somewhere In Time
84%
Flight Of...Flight Of Icarus
84%
Wrathch...Wrathchild
84%
The Tr...The Trooper
82%
Wasting Lo...Wasting Love
81%
Moonc...Moonchild
80%
Rime Of...Rime Of The Ancient Mariner
80%
Where Eagles...Where Eagles Dare
79%
Bring Your...Bring Your Daughter... To The Slaughter
78%
Running Fr...Running Free
78%
The Evil...The Evil That Men Do
78%
22 Acacia...22 Acacia Avenue
77%
Dance Of...Dance Of Death
77%
Children Of...Children Of The Damned
72%
Afraid To...Afraid To Shoot Strangers
67%
The Cla...The Clansman
59%
The Pr...The Prisoner
48%
The Reincarnation...The Reincarnation Of Benjamin Breeg
46%
Alexander The...Alexander The Great
38%
For The...For The Greater Good Of God
37%
When The...When The Wild Wind Blows
37%

Score Distribution

Percentile by Number Answered

Percent of People with Each Score

Your Score History

You have not taken this quiz since the last reset